| 000 | 00413nam a22001337a 4500 | ||
|---|---|---|---|
| 003 | SGT | ||
| 082 |
_a617.643 _bC12P |
||
| 100 | _aRITU, PHOGAT | ||
| 245 | _aCOMPARATIVE EVALUATION OF EFFICACY OF SERUM IGF- LEVEL HAND WRIST RADIOGRAPHS AND CERVICAL VERTEBRAE AS SKELETAL MATURITY INDICATOR | ||
| 260 |
_aDELHI NCR _bSGT UNIVERSITY GURUGRAM _c2012 |
||
| 300 | _a1-94 | ||
| 650 | _aORTHODONTICS | ||
| 942 |
_2ddc _cTH |
||
| 999 |
_c17452 _d17452 |
||